000 00272nam a2200109Ia 4500
008 230724s1999 xx und d
041 _aeng
100 _aPARKER S.A.
245 _aPERSONAL LETTERS FOR ALL OCCASIONS WHAT SHALL I WRITE?
260 _c1999
300 _a100
999 _c1172986
_d1172986